000 00371nam a2200145Ia 4500
008 230411s9999 xx 000 0 und d
020 _a978-81-909385-6-3
041 _aeng
082 _aP/610.7362/YAD/B06537
100 _aGupta Ram
245 _aPV Mental Health Nursing
260 _bS Vikas and Co
_aJalandhar
_c2010
300 _a604p
999 _c156931
_d156931